LIBRARY & INFORMATION CENTRE, KCAET, TAVANUR

ONLINE PUBLIC ACCESS CATALOGUE (OPAC)

Sound: An elementary text book for schools and colleges / (Record no. 10579)

MARC details
000 -LEADER
fixed length control field 00612cam a2200217ua 4500
041 ## - LANGUAGE CODE
Language code of text/sound track or separate title eng
082 ## - DEWEY DECIMAL CLASSIFICATION NUMBER
Classification number 534
Item number CAP/SO
100 ## - MAIN ENTRY--AUTHOR NAME
Personal name Capstick, J W .
245 ## - TITLE STATEMENT
Title Sound: An elementary text book for schools and colleges /
250 ## - EDITION STATEMENT
Edition statement 1 /
260 ## - PUBLICATION, DISTRIBUTION, ETC. (IMPRINT)
Place of publication Cambridge :
Name of publisher Cambridge University Press ,
Year of publication 1954.
300 ## - PHYSICAL DESCRIPTION
Number of Pages 377 :
Other physical details 506 ; .
490 0# - SERIES STATEMENT
Series statement Cambridge Physical series,
Volume number/sequential designation
700 1# - ADDED ENTRY--PERSONAL NAME
Personal name Mathur, D S .
942 ## - ADDED ENTRY ELEMENTS (KOHA)
Koha item type Books
Holdings
Withdrawn status Lost status Damaged status Home library Current library Date acquired Full call number Accession Number Koha item type
      KAUAET KAUAET 07/04/2012 534 CAP/SO 4598 Books
free website counter